000 01161nam a2200337 i 4500
001 000017224
003 DO-SdBNP
005 20250423140401.0
007 ta
008 100319s1998 dr 000 j spa d
040 _aDO-SdBNP
_bspa
_cBNPHU
_erd
082 4 _aRD863.44
_bS715c
_222
100 1 _aSosa Almonte, Juan Ubaldo,
_937870
_eautor
245 1 0 _aCuentos de médicos /
_cJuan Ubaldo Sosa Almonte, Mairení C. Gautreau G., Carlos Pineda ; prólogo, Julio Demorizi.
264 _aSanto Domingo :
_bAMD,
_c1998..
300 _a95 páginas ;
_c22 cm.
336 _2rdacontent
_atexto
_btxt
337 _2rdamedia
_asin mediación
_bn
338 _2rdacarrier
_avolumen
_bnc
490 _aCentenario de la AMD ;
_v8
500 _aCuentos laureados en certamen literario (AMD)
590 _aInventariado, 2020 / DG
650 0 _aCuentos dominicanos
_9176
650 0 _aLiteratura dominicana.
_967
700 1 _aGautreau G., Mairení C.
_937871
700 1 _aPinena, Carlos
_937872
700 1 _aDemorizi, Julio,
_eprólogo
_922322
710 2 _aAsociación Médica Dominicana
_916565
910 _aValidado. Control de calidad MFF
942 _2ddc
_cLBS1
999 _c16749
_d16749